[Event "4NCL Division Two"]
[Site "Milton Keynes, ENG"]
[Date "2023.11.12"]
[Round "2.42"]
[White "Borrowdale, Graham E"]
[Black "Finn, Peter"]
[Result "0-1"]
[WhiteElo "1941"]
[BlackElo "2290"]
[PlyCount "80"]
[EventDate "2023.11.12"]
[WhiteTeam "Cambridge University 2"]
[BlackTeam "CSC/Kingston 1"]

1. c4 e6 2. Nc3 d5 3. d4 Nf6 4. Nf3 Bb4 5. cxd5 exd5 6. Qb3 Nc6 7. a3 Bxc3+ 8.
bxc3 Ne4 9. e3 O-O 10. c4 dxc4 11. Bxc4 Na5 12. Qc2 Nxc4 13. Qxc4 Be6 14. Qe2
c5 15. O-O c4 16. Qc2 Qd5 17. a4 Rfc8 18. Ne1 f5 19. Rb1 a6 20. Ba3 c3 21. Nf3
b5 22. a5 Qa2 23. Qxa2 Bxa2 24. Ra1 Bd5 25. Rfc1 c2 26. Ne1 Bb3 27. Bb4 Nc3 28.
Bxc3 Rxc3 29. Kf1 Bc4+ 30. Kg1 Bb3 31. Kf1 f4 32. e4 Bc4+ 33. Kg1 Bb3 34. Kf1
Rac8 35. Ke2 b4 36. Kd2 R8c4 37. Nf3 Rxf3 38. gxf3 Rxd4+ 39. Ke2 Bc4+ 40. Ke1
b3 0-1

[Event "4NCL Division Two"]
[Site "Milton Keynes, ENG"]
[Date "2023.11.12"]
[Round "2.43"]
[White "Lalic, Peter D"]
[Black "Webster, Peter A N"]
[Result "1/2-1/2"]
[WhiteElo "2250"]
[BlackElo "1909"]
[PlyCount "130"]
[EventDate "2023.11.12"]
[WhiteTeam "CSC/Kingston 1"]
[BlackTeam "Cambridge University 2"]

1. e4 e6 2. d3 d5 3. Nc3 dxe4 4. dxe4 Qxd1+ 5. Nxd1 Nc6 6. f3 Bc5 7. c3 a5 8.
Nh3 Nge7 9. Nhf2 O-O 10. Nd3 Bd6 11. f4 e5 12. f5 Kh8 13. g4 f6 14. a4 b6 15.
Ke2 Bb7 16. Kf3 Nd8 17. Bg2 Nf7 18. h4 g6 19. Ne3 gxf5 20. gxf5 Nh6 21. Kf2 Rg8
22. Bf3 Bc6 23. Re1 Rae8 24. Nd5 Bxd5 25. Bxh6 Bc4 26. Rad1 Bb3 27. Rc1 Bc4 28.
Red1 Bb3 29. Rg1 Bxa4 30. Bg4 Bc6 31. Ke3 Nc8 32. Bh5 Rxg1 33. Rxg1 Rg8 34.
Rxg8+ Kxg8 35. Be2 Bf8 36. Bxf8 Kxf8 37. Nf2 Nd6 38. Bd3 Kg7 39. Ng4 b5 40. Nf2
Be8 41. Kd2 c5 42. Kc1 Bf7 43. Kd2 b4 44. Kc1 Nc4 45. Bxc4 Bxc4 46. Kc2 a4 47.
Ng4 a3 48. bxa3 bxa3 49. Ne3 a2 50. Kb2 Bd3 51. Kxa2 Bxe4 52. Kb3 Bd3 53. Ka4
Kh6 54. Ng4+ Kh5 55. Nxf6+ Kxh4 56. Nxh7 Bxf5 57. Nf6 c4 58. Kb4 Bd3 59. Kc5
Kg5 60. Nd5 Kf5 61. Kd6 Be2 62. Ne7+ Ke4 63. Nc6 Kd3 64. Nxe5+ Kxc3 65. Nxc4
Bxc4 1/2-1/2

[Event "4NCL Division Two"]
[Site "Milton Keynes, ENG"]
[Date "2023.11.12"]
[Round "2.44"]
[White "Gooding, Ian"]
[Black "Farrand, Tom"]
[Result "1/2-1/2"]
[WhiteElo "1922"]
[BlackElo "2149"]
[PlyCount "34"]
[EventDate "2023.11.12"]
[WhiteTeam "Cambridge University 2"]
[BlackTeam "CSC/Kingston 1"]

1. e4 c5 2. Nf3 e6 3. d4 cxd4 4. Nxd4 Nf6 5. Nc3 Nc6 6. a3 d5 7. Bb5 Bd7 8.
exd5 exd5 9. O-O Be7 10. Bg5 O-O 11. Re1 Re8 12. Ba4 Ne4 13. Bxe7 Nxc3 14. Bxd8
Nxd1 15. Rxe8+ Bxe8 16. Rxd1 Rxd8 17. Kf1 Kf8 1/2-1/2

[Event "4NCL Division Two"]
[Site "Milton Keynes, ENG"]
[Date "2023.11.12"]
[Round "2.45"]
[White "Wilson, Ewan"]
[Black "Lim, Mark"]
[Result "1-0"]
[WhiteElo "2156"]
[BlackElo "1775"]
[PlyCount "47"]
[EventDate "2023.11.12"]
[WhiteTeam "CSC/Kingston 1"]
[BlackTeam "Cambridge University 2"]

1. d4 e6 2. c4 Bb4+ 3. Bd2 Bxd2+ 4. Qxd2 Nf6 5. Nc3 d5 6. e3 O-O 7. Nf3 Qe7 8.
Bd3 Rd8 9. cxd5 exd5 10. Qc2 Nc6 11. a3 Bg4 12. O-O Bxf3 13. gxf3 g6 14. Kh1
Qd7 15. Rg1 Qh3 16. Rg3 Qh6 17. Rag1 Ne7 18. Ne2 c6 19. f4 Kf8 20. f5 Ne4 21.
Bxe4 dxe4 22. fxg6 f5 23. Nf4 Rd6 24. Rh3 1-0

[Event "4NCL Division Two"]
[Site "Milton Keynes, ENG"]
[Date "2023.11.12"]
[Round "2.46"]
[White "Phillips, William"]
[Black "Frostick, Clive A"]
[Result "0-1"]
[WhiteElo "1801"]
[BlackElo "2116"]
[PlyCount "64"]
[EventDate "2023.11.12"]
[WhiteTeam "Cambridge University 2"]
[BlackTeam "CSC/Kingston 1"]

1. d4 d5 2. Nf3 e6 3. c4 Nf6 4. Nc3 a6 5. cxd5 exd5 6. Bg5 Be6 7. e3 Nbd7 8.
Bd3 Bd6 9. O-O c6 10. h3 Qc7 11. Qd2 O-O 12. Bf4 Rfe8 13. Bxd6 Qxd6 14. Qc2 g6
15. Nd2 Rad8 16. b4 b5 17. Rfb1 Nb6 18. a4 Nc4 19. Nd1 Bc8 20. axb5 axb5 21.
Ra2 Be6 22. Nb3 Ra8 23. Nc5 Na3 24. Qb2 Nxb1 25. Qxb1 Rxa2 26. Qxa2 Qb8 27. Nc3
Qa8 28. Qb2 Qa7 29. e4 Ra8 30. exd5 Qa1+ 31. Qxa1 Rxa1+ 32. Kh2 Nxd5 0-1

[Event "4NCL Division Two"]
[Site "Milton Keynes, ENG"]
[Date "2023.11.12"]
[Round "2.47"]
[White "Fegan, Chris"]
[Black "Gurjar, Roshan"]
[Result "1-0"]
[WhiteElo "2072"]
[BlackElo "1712"]
[PlyCount "73"]
[EventDate "2023.11.12"]
[WhiteTeam "CSC/Kingston 1"]
[BlackTeam "Cambridge University 2"]

1. c4 Nf6 2. Nc3 c5 3. g3 Nc6 4. Bg2 e6 5. Nf3 d5 6. cxd5 exd5 7. d4 Be6 8. O-O
a6 9. Bg5 h6 10. Bxf6 Qxf6 11. dxc5 O-O-O 12. Na4 Kc7 13. Qd2 g5 14. e3 Bg7 15.
Nd4 Nxd4 16. exd4 Qxd4 17. Qa5+ Kd7 18. Rad1 Qe5 19. Bxd5 Ke7 20. Bxe6 Rxd1 21.
Rxd1 fxe6 22. Re1 Qd4 23. Qb6 Qxa4 24. Qxe6+ Kf8 25. Qc8+ Kf7 26. Qe6+ Kf8 27.
Qc8+ Kf7 28. Qxb7+ Kg8 29. Qc8+ Kh7 30. Qf5+ Kg8 31. Qg6 Qd7 32. Re8+ Qxe8 33.
Qxe8+ Kh7 34. Qe4+ Kg8 35. c6 Kf7 36. c7 Bf6 37. Qb7 1-0

[Event "4NCL Division Two"]
[Site "Milton Keynes, ENG"]
[Date "2023.11.12"]
[Round "2.48"]
[White "Gurjar, Siena"]
[Black "Frostick, Helen M"]
[Result "0-1"]
[WhiteElo "1498"]
[BlackElo "1851"]
[PlyCount "126"]
[EventDate "2023.11.12"]
[WhiteTeam "Cambridge University 2"]
[BlackTeam "CSC/Kingston 1"]

1. e4 c5 2. Nf3 Nc6 3. Nc3 e5 4. Bb5 d6 5. h3 Be7 6. O-O Nf6 7. d3 O-O 8. Bxc6
bxc6 9. Qe2 Re8 10. Bg5 h6 11. Bh4 Bb7 12. Rad1 Qc7 13. Bg3 g6 14. Qe3 Bf8 15.
Bh4 Nd7 16. Nh2 g5 17. Bg3 Re6 18. h4 Rg6 19. hxg5 hxg5 20. Ng4 Qd8 21. Kh2 Nf6
22. Qf3 Nxg4+ 23. Qxg4 Bc8 24. Qf3 Rh6+ 25. Kg1 Be6 26. Rfe1 Qd7 27. Qe3 Rg6
28. Bh2 Bh6 29. Qg3 Qe7 30. Qf3 Kg7 31. Qe2 Rh8 32. Qf1 g4 33. g3 Bg5 34. f3
gxf3 35. Qxf3 Rgh6 36. Re2 Qd7 37. Rf2 Bg4 38. Qg2 Rxh2 39. Qxh2 Rxh2 40. Rxh2
Bxd1 41. Nxd1 Qg4 42. Nf2 Be3 43. Kg2 Bxf2 44. Kxf2 Qd1 45. Ke3 Qc1+ 46. Kf3
Qxb2 47. g4 Qxa2 48. g5 Qa3 49. Rh6 c4 50. Rxd6 Qxd6 51. dxc4 Qd4 52. c5 Qxc5
53. Kg4 Kg6 54. Kh4 Qxc2 55. Kh3 Kxg5 56. Kg3 Qxe4 57. Kf2 Qd3 58. Ke1 c5 59.
Kf2 c4 60. Kg2 c3 61. Kg1 Qd2 62. Kf1 c2 63. Kg1 c1=Q# 0-1

[Event "4NCL Division Two"]
[Site "Milton Keynes, ENG"]
[Date "2023.11.12"]
[Round "2.51"]
[White "Wall, Gavin"]
[Black "Vardan, Nagpal"]
[Result "0-1"]
[WhiteElo "2289"]
[BlackElo "2320"]
[PlyCount "88"]
[EventDate "2023.11.12"]
[WhiteTeam "Gonzaga"]
[BlackTeam "SchachAttack"]

1. e4 c5 2. Nf3 e6 3. b3 a6 4. Bb2 Nc6 5. g3 d5 6. exd5 exd5 7. Qe2+ Qe7 8.
Qxe7+ Ngxe7 9. Bg2 Nb4 10. Na3 Bf5 11. O-O f6 12. Ne1 O-O-O 13. d4 Ng6 14. dxc5
Bxc5 15. c3 Nc6 16. b4 Bb6 17. Rd1 Nge7 18. Nf3 Kb8 19. b5 axb5 20. Nxb5 Be4
21. Ba3 Nc8 22. Rd2 Na5 23. Bb4 Nc4 24. Rdd1 Nb2 25. Rd2 Nc4 26. Rdd1 Rhe8 27.
Nfd4 Bxg2 28. Kxg2 Re4 29. Rd3 Na7 30. Nxa7 Kxa7 31. a4 Bxd4 32. cxd4 Ka6 33.
a5 Re2 34. Rb1 Rb2 35. Rxb2 Nxb2 36. Re3 Rd7 37. Re6+ Kb5 38. Rb6+ Kc4 39. Bd2
Nd3 40. Be3 Ne1+ 41. Kf1 Nc2 42. a6 bxa6 43. Rxa6 Kd3 44. Ra2 Nxe3+ 0-1

[Event "4NCL Division Two"]
[Site "Milton Keynes, ENG"]
[Date "2023.11.12"]
[Round "2.52"]
[White "Nicholas, Koichi B"]
[Black "Menzies, Colin"]
[Result "1/2-1/2"]
[WhiteElo "2139"]
[BlackElo "2198"]
[PlyCount "96"]
[EventDate "2023.11.12"]
[WhiteTeam "SchachAttack"]
[BlackTeam "Gonzaga"]

1. e4 c6 2. d4 d5 3. Nc3 dxe4 4. Nxe4 Bf5 5. Ng3 Bg6 6. h4 h6 7. Nh3 e6 8. Nf4
Bh7 9. Nfh5 Nf6 10. Bc4 Rg8 11. c3 Bd6 12. Qb3 b5 13. Be2 Nd5 14. Nf1 Nd7 15.
a4 a6 16. Ne3 N7b6 17. axb5 axb5 18. Rxa8 Qxa8 19. Bf3 Qa4 20. Qxa4 Nxa4 21. c4
bxc4 22. Nxc4 Ke7 23. O-O Bd3 24. Nxd6 Bxf1 25. Ne4 Bd3 26. Nd2 g5 27. b3 Nac3
28. Ba3+ Kd8 29. hxg5 hxg5 30. g4 Nf4 31. Bxc6 Nce2+ 32. Kh2 Nxh5 33. gxh5 Nxd4
34. Be4 Bxe4 35. Nxe4 f5 36. Bb2 Nf3+ 37. Kg3 fxe4 38. Bf6+ Ke8 39. h6 Kf7 40.
h7 Rb8 41. h8=Q Rxh8 42. Bxh8 Ke7 43. Bb2 Kd6 44. Kg4 Kc5 45. Bf6 Kb4 46. Bxg5
Kxb3 47. Be3 Kc4 48. Kf4 Kd3 1/2-1/2

[Event "4NCL Division Two"]
[Site "Milton Keynes, ENG"]
[Date "2023.11.12"]
[Round "2.53"]
[White "Thorarinsson, Pall A."]
[Black "Hng, Mei-En Emmanuelle"]
[Result "0-1"]
[WhiteElo "2213"]
[BlackElo "2125"]
[PlyCount "86"]
[EventDate "2023.11.12"]
[WhiteTeam "Gonzaga"]
[BlackTeam "SchachAttack"]

1. Nf3 c5 2. c4 Nf6 3. Nc3 e6 4. g3 Nc6 5. Bg2 d5 6. cxd5 exd5 7. d4 Be7 8. O-O
O-O 9. Bg5 Be6 10. dxc5 Bxc5 11. Rc1 Be7 12. Nd4 h6 13. Nxe6 fxe6 14. Bxf6 Bxf6
15. Qb3 Qe7 16. e4 dxe4 17. Nxe4 Bd4 18. Kh1 Rad8 19. Bh3 Rfe8 20. f4 Kh8 21.
Rce1 Bb6 22. Qf3 Qf7 23. Rd1 Nd4 24. Qc3 Qg6 25. Bg2 Rc8 26. Qd3 Red8 27. Nc3
Nf5 28. Qf3 Ne3 29. Rxd8+ Rxd8 30. Re1 Qc2 31. Rxe3 Qc1+ 32. Bf1 Bxe3 33. Ne2
Qe1 34. Kg2 Rd1 35. Nc3 Rd2+ 36. Ne2 Bb6 37. f5 exf5 38. g4 Rxb2 39. gxf5 Qh4
40. a4 Ra2 41. a5 Bc5 42. a6 bxa6 43. h3 Ra3 0-1

[Event "4NCL Division Two"]
[Site "Milton Keynes, ENG"]
[Date "2023.11.12"]
[Round "2.54"]
[White "Waller, Dan"]
[Black "Freeman, Gordon"]
[Result "1-0"]
[WhiteElo "2117"]
[BlackElo "2228"]
[PlyCount "69"]
[EventDate "2023.11.12"]
[WhiteTeam "SchachAttack"]
[BlackTeam "Gonzaga"]

1. e4 c5 2. Nf3 d6 3. Bb5+ Bd7 4. Bxd7+ Nxd7 5. O-O Ngf6 6. Re1 e6 7. c4 Ne5 8.
d4 Nxf3+ 9. gxf3 cxd4 10. Qxd4 Be7 11. Nc3 O-O 12. Be3 a6 13. b4 Nd7 14. f4 Rc8
15. Rac1 e5 16. Qd3 exf4 17. Bxf4 Bg5 18. Qxd6 Rxc4 19. Nd5 Bxf4 20. Qxf4 Rxc1
21. Rxc1 Nb6 22. Rd1 Nxd5 23. exd5 Re8 24. d6 Qd7 25. Rc1 h6 26. Rc7 Re1+ 27.
Kg2 Qe6 28. d7 Qg6+ 29. Qg3 Qe4+ 30. Qf3 Qg6+ 31. Kh3 Re5 32. d8=Q+ Kh7 33. Qh4
Rg5 34. Rc4 Qb1 35. Qfe4+ 1-0

[Event "4NCL Division Two"]
[Site "Milton Keynes, ENG"]
[Date "2023.11.12"]
[Round "2.55"]
[White "Bourached, Anthony"]
[Black "Wilks, Simon"]
[Result "1/2-1/2"]
[WhiteElo "2151"]
[BlackElo "2059"]
[PlyCount "39"]
[EventDate "2023.11.12"]
[WhiteTeam "Gonzaga"]
[BlackTeam "SchachAttack"]

1. e4 e6 2. d4 d5 3. Nd2 c5 4. Ngf3 cxd4 5. exd5 Qxd5 6. Bc4 Qd6 7. O-O Nf6 8.
Nb3 Nc6 9. Nbxd4 Nxd4 10. Nxd4 a6 11. c3 Qc7 12. Qe2 Bd6 13. h3 O-O 14. Bg5
Bh2+ 15. Kh1 Bf4 16. Bxf6 gxf6 17. Bd3 b5 18. Bxh7+ Kxh7 19. Qe4+ Kg7 20. Ne2
1/2-1/2

[Event "4NCL Division Two"]
[Site "Milton Keynes, ENG"]
[Date "2023.11.12"]
[Round "2.56"]
[White "Alizada, Eldar"]
[Black "O'Connor, Eddie"]
[Result "1-0"]
[WhiteElo "2127"]
[BlackElo "1953"]
[PlyCount "99"]
[EventDate "2023.11.12"]
[WhiteTeam "SchachAttack"]
[BlackTeam "Gonzaga"]

1. d4 Nf6 2. c4 e6 3. Nc3 d5 4. cxd5 exd5 5. Bg5 Be7 6. e3 Nbd7 7. Bd3 c6 8.
Qc2 b5 9. Nge2 Bb7 10. O-O a6 11. f3 Rc8 12. Bf5 c5 13. Qd2 cxd4 14. exd4 b4
15. Na4 O-O 16. Bxf6 Bxf6 17. Bxd7 Qxd7 18. Nb6 Qb5 19. Nxc8 Rxc8 20. Rac1 Re8
21. Rfe1 Qb6 22. Kh1 a5 23. Nf4 Rd8 24. Rc5 g6 25. Qd3 Ba6 26. Qe3 Bb7 27. Nd3
Kg7 28. Qf4 Rf8 29. Qc7 Qxc7 30. Rxc7 Ba6 31. Ne5 Bc8 32. Rc5 Be6 33. Rxa5 Rc8
34. Rc5 Ra8 35. Ra1 Bxe5 36. dxe5 d4 37. a4 d3 38. Rc6 Bb3 39. Rd6 Bc2 40. a5
b3 41. Kg1 Ra7 42. Kf2 Kh6 43. Ke3 Kg5 44. g3 Kf5 45. f4 Kg4 46. Kd2 Kh3 47. a6
Kxh2 48. Rb6 Kxg3 49. Rb7 Ra8 50. a7 1-0

[Event "4NCL Division Two"]
[Site "Milton Keynes, ENG"]
[Date "2023.11.12"]
[Round "2.57"]
[White "Casey, Eoghan"]
[Black "Shepherd, Tom"]
[Result "1-0"]
[WhiteElo "1839"]
[BlackElo "2098"]
[PlyCount "75"]
[EventDate "2023.11.12"]
[WhiteTeam "Gonzaga"]
[BlackTeam "SchachAttack"]

1. d4 d5 2. Bf4 c5 3. e3 Nc6 4. c3 Bf5 5. Qb3 Qd7 6. Nf3 e6 7. Bb5 f6 8. c4 a6
9. cxd5 axb5 10. dxc6 bxc6 11. O-O cxd4 12. Nxd4 Bg4 13. h3 e5 14. hxg4 exf4
15. Re1 f3 16. gxf3 h5 17. Ne6 g5 18. Rd1 Qh7 19. Qd3 hxg4 20. Qxh7 Rxh7 21.
fxg4 Nh6 22. Nxf8 Kxf8 23. f3 Ke7 24. Nc3 Rah8 25. Kg2 f5 26. Rd4 c5 27. Rd5
fxg4 28. Rxg5 gxf3+ 29. Kxf3 Rf7+ 30. Ke4 Rf2 31. Re5+ Kf7 32. Rxc5 Rxb2 33.
Rf1+ Kg6 34. Rxb5 Rc2 35. Rg1+ Kf7 36. Rb7+ Kf6 37. Nd5+ Ke6 38. Rg6# 1-0

[Event "4NCL Division Two"]
[Site "Milton Keynes, ENG"]
[Date "2023.11.12"]
[Round "2.58"]
[White "Simmons, Matthew"]
[Black "Pietka, Urszula"]
[Result "1/2-1/2"]
[WhiteElo "2056"]
[BlackElo "1600"]
[PlyCount "83"]
[EventDate "2023.11.12"]
[WhiteTeam "SchachAttack"]
[BlackTeam "Gonzaga"]

1. e4 e5 2. Nc3 Nc6 3. Bc4 Nf6 4. d3 h6 5. Be3 Bd6 6. Nge2 Ng4 7. Qd2 Nxe3 8.
Qxe3 Nb4 9. Bb3 Qf6 10. a3 Na6 11. Nd5 Qg6 12. Ng3 c6 13. Nc3 Bc5 14. Qf3 d6
15. Nf5 d5 16. g4 d4 17. Na4 Bxf5 18. gxf5 Qg5 19. h4 Qf6 20. Nxc5 Nxc5 21. Bc4
O-O-O 22. a4 g6 23. b4 Nd7 24. b5 g5 25. h5 Nb6 26. Bb3 Kb8 27. Qd1 Qd6 28. Qd2
f6 29. a5 Na8 30. bxc6 Qxc6 31. Bc4 Nc7 32. Qb4 Rd6 33. Ke2 a6 34. Rab1 Nb5 35.
Bxb5 Qxc2+ 36. Kf3 axb5 37. Qxd6+ Ka8 38. Rbe1 g4+ 39. Kg3 Qxd3+ 40. Kh4 Qf3
41. Rh2 Qf4 42. Rg2 1/2-1/2

[Event "4NCL Division Two"]
[Site "Milton Keynes, ENG"]
[Date "2023.11.12"]
[Round "2.61"]
[White "Bradbury, Neil H"]
[Black "Walker, Martin G"]
[Result "1-0"]
[WhiteElo "2260"]
[BlackElo "2229"]
[PlyCount "173"]
[EventDate "2023.11.12"]
[WhiteTeam "The ADs"]
[BlackTeam "Anglian Avengers"]

1. d4 Nf6 2. Nf3 g6 3. g3 Bg7 4. Bg2 O-O 5. O-O d5 6. c4 c5 7. cxd5 Nxd5 8. e4
Nb6 9. d5 e6 10. Bg5 Qd7 11. Nc3 exd5 12. exd5 Bxc3 13. bxc3 Qxd5 14. Qc1 Nc6
15. Re1 Bh3 16. Bxh3 Qxf3 17. Bg2 Qf5 18. Be4 Qe6 19. a4 Rfe8 20. a5 Nxa5 21.
Rxa5 f5 22. Rxc5 fxe4 23. Rc7 Nd7 24. Qf4 Rac8 25. Rxc8 Rxc8 26. Rxe4 Qd5 27.
Rd4 Qe6 28. Re4 Qd5 29. c4 Qd1+ 30. Kg2 Rf8 31. Qe3 Qd6 32. Be7 Qc6 33. Bxf8
Nf6 34. f3 Nxe4 35. Bh6 Nc5 36. Qd4 Ne6 37. Qxa7 Qxc4 38. Qb8+ Kf7 39. Qxb7+
Qc7 40. Qe4 Qc3 41. Be3 Qb2+ 42. Bf2 Qf6 43. Qb7+ Qe7 44. Qd5 Qg5 45. Qa2 Qe5
46. Qc4 Qc7 47. Qd5 Qd8 48. Qc4 Qc7 49. Qh4 Kg8 50. Qf6 Qf7 51. Qe5 Qf5 52.
Qb8+ Qf8 53. Qe5 Qf5 54. Qe3 Kf7 55. Qb3 Kg8 56. Bd4 Qf7 57. Qb8+ Qf8 58. Qe5
Nxd4 59. Qxd4 Qe7 60. Qe4 Qd7 61. g4 Qd2+ 62. Kg3 Qc3 63. h4 Qc1 64. Qd5+ Kg7
65. Qd4+ Kg8 66. h5 Qe1+ 67. Qf2 Qe5+ 68. f4 Qc3+ 69. Kh4 gxh5 70. Kxh5 Qf6 71.
Qa2+ Kg7 72. Qa7+ Kf8 73. Qxh7 Qc3 74. Qf5+ Kg8 75. Qe6+ Kh7 76. Qf5+ Kg8 77.
Qe5 Qh3+ 78. Kg5 Qd3 79. f5 Qd1 80. f6 Qd2+ 81. Kg6 Qc2+ 82. Qf5 Qc6 83. Qd3
Qe8+ 84. Kg5 Qe5+ 85. Qf5 Qe3+ 86. Kg6 Qc3 87. Qe6+ 1-0

[Event "4NCL Division Two"]
[Site "Milton Keynes, ENG"]
[Date "2023.11.12"]
[Round "2.62"]
[White "Korshunov, Sergey And."]
[Black "Roe, Simon J"]
[Result "1-0"]
[WhiteElo "2226"]
[BlackElo "2287"]
[PlyCount "63"]
[EventDate "2023.11.12"]
[WhiteTeam "Anglian Avengers"]
[BlackTeam "The ADs"]

1. e4 c5 2. Nf3 e6 3. c3 d5 4. e5 d4 5. d3 Nc6 6. g3 Nge7 7. Bg2 Ng6 8. Qe2 Qc7
9. Na3 a6 10. O-O Ncxe5 11. Nxe5 Qxe5 12. Be4 Qc7 13. h4 Bd6 14. cxd4 cxd4 15.
Nc4 O-O 16. h5 Ne7 17. Nxd6 Qxd6 18. Bf4 Qd8 19. h6 Ng6 20. hxg7 Kxg7 21. Qh5
f5 22. Bg5 Qb6 23. Bh6+ Kg8 24. Bxf8 fxe4 25. Bc5 Qd8 26. dxe4 b6 27. Bb4 Bb7
28. Rfe1 Qf6 29. Rac1 Qg7 30. Bd6 Rd8 31. Rc7 Rd7 32. Rec1 1-0

[Event "4NCL Division Two"]
[Site "Milton Keynes, ENG"]
[Date "2023.11.12"]
[Round "2.63"]
[White "Snape, Ian L"]
[Black "Kanellopoulos, Panayotis"]
[Result "0-1"]
[WhiteElo "2184"]
[BlackElo "2259"]
[PlyCount "110"]
[EventDate "2023.11.12"]
[WhiteTeam "The ADs"]
[BlackTeam "Anglian Avengers"]

1. c4 g6 2. Nc3 Bg7 3. d4 Nf6 4. e4 O-O 5. Nf3 d6 6. Be2 e5 7. O-O h6 8. dxe5
dxe5 9. Qc2 Nc6 10. Rd1 Nd4 11. Nxd4 exd4 12. Nb5 c5 13. Bf4 Ne8 14. b4 Qf6 15.
Bg3 a6 16. Nd6 Nxd6 17. e5 Qd8 18. exd6 f5 19. bxc5 f4 20. Bxf4 Rxf4 21. Qxg6
Rf6 22. Qe4 Re6 23. Qd5 Kh8 24. Bd3 Re5 25. Qf7 Qe8 26. Qxe8+ Rxe8 27. Rab1 Bf6
28. Rb6 Kg7 29. c6 bxc6 30. Rxc6 Ra7 31. c5 a5 32. f4 Bd7 33. Rb6 Rc8 34. Rc1
Bd8 35. Rb2 Bc6 36. Bf5 Rca8 37. Rb6 Bxb6 38. cxb6 Rf7 39. Be6 d3 40. Bxf7 Kxf7
41. Kf2 Bd7 42. Ke3 Rb8 43. Kxd3 Rxb6 44. Kd4 Rxd6+ 45. Ke3 Kf6 46. Rc5 a4 47.
h3 Rd1 48. Rc7 Ke6 49. Ra7 Ra1 50. f5+ Kd6 51. f6 Rf1 52. Ra6+ Bc6 53. g4 Rxf6
54. h4 Rf3+ 55. Kd4 Rf4+ 0-1

[Event "4NCL Division Two"]
[Site "Milton Keynes, ENG"]
[Date "2023.11.12"]
[Round "2.64"]
[White "Lewis, Andrew P"]
[Black "Wafa, Shrook"]
[Result "1-0"]
[WhiteElo "2237"]
[BlackElo "2111"]
[PlyCount "71"]
[EventDate "2023.11.12"]
[WhiteTeam "Anglian Avengers"]
[BlackTeam "The ADs"]

1. Nf3 Nf6 2. c4 e6 3. g3 Be7 4. Bg2 O-O 5. O-O d5 6. d4 c5 7. cxd5 exd5 8. Nc3
cxd4 9. Nxd4 Nc6 10. Be3 h6 11. Qb3 Na5 12. Qc2 Nc4 13. Bf4 Bg4 14. h3 Bh5 15.
Rad1 Bg6 16. Nf5 Nb6 17. Nxe7+ Qxe7 18. Qb3 Rfd8 19. Be3 Qe6 20. Bd4 Rd6 21. e3
Ne4 22. Ne2 Bf5 23. g4 Bh7 24. Nf4 Qd7 25. Be5 Rc6 26. Nxd5 Qe6 27. Nxb6 Qxb3
28. Nxa8 Qxd1 29. Rxd1 f6 30. Rd8+ Kf7 31. Bc3 Ra6 32. Rd3 Kg8 33. Nc7 Rxa2 34.
Ne6 Nxc3 35. bxc3 g5 36. Bd5 1-0

[Event "4NCL Division Two"]
[Site "Milton Keynes, ENG"]
[Date "2023.11.12"]
[Round "2.65"]
[White "Banerjee, Supratit"]
[Black "Talsma, Paul"]
[Result "1/2-1/2"]
[WhiteElo "2152"]
[BlackElo "2169"]
[PlyCount "114"]
[EventDate "2023.11.12"]
[WhiteTeam "The ADs"]
[BlackTeam "Anglian Avengers"]

1. e4 e5 2. Nf3 Nf6 3. Nxe5 d6 4. Nf3 Nxe4 5. d3 Nf6 6. Be2 d5 7. O-O Bd6 8. d4
O-O 9. Bd3 Bg4 10. Bg5 Nbd7 11. Nbd2 c6 12. c3 Qc7 13. Qc2 Bh5 14. Rfe1 Rfe8
15. h3 Bg6 16. Bf5 Bf4 17. Bh4 Rxe1+ 18. Rxe1 Re8 19. Rxe8+ Nxe8 20. Bxg6 hxg6
21. Qd3 Nf8 22. Qe2 Ne6 23. Bg5 Bxd2 24. Bxd2 Nf6 25. Ne5 Nd7 26. Nxg6 Qd8 27.
Ne5 Nxe5 28. Qxe5 Qc7 29. Qxc7 Nxc7 30. f3 Kh7 31. Kf2 Ne6 32. g4 Kg6 33. Kg3
f5 34. h4 Kf6 35. Bf4 g6 36. Bb8 a6 37. Be5+ Kf7 38. h5 gxh5 39. gxh5 Kg8 40.
b4 Kh7 41. Bf4 Kg7 42. a4 Kh7 43. Bd2 Kg7 44. Kh4 Kh7 45. a5 Kg7 46. h6+ Kg6
47. Bc1 Nf8 48. Bd2 Ne6 49. h7 Kxh7 50. Kh5 Kg7 51. Bg5 Kf7 52. Kh6 Nc7 53. Bc1
Kf6 54. Bf4 Nb5 55. Bg5+ Kf7 56. Bd2 Kf6 57. Bg5+ Kf7 1/2-1/2

[Event "4NCL Division Two"]
[Site "Milton Keynes, ENG"]
[Date "2023.11.12"]
[Round "2.66"]
[White "Samarakoon, Vivash Ransara"]
[Black "Duggan, John E"]
[Result "1/2-1/2"]
[WhiteElo "2122"]
[BlackElo "2113"]
[PlyCount "98"]
[EventDate "2023.11.12"]
[WhiteTeam "Anglian Avengers"]
[BlackTeam "The ADs"]

1. e4 e6 2. d4 d5 3. exd5 exd5 4. Nf3 Nf6 5. Bd3 Be7 6. Nc3 Bg4 7. h3 Bh5 8.
Be3 a6 9. g4 Bg6 10. Ne5 Bb4 11. O-O Bxc3 12. bxc3 Bxd3 13. cxd3 O-O 14. f4
Nbd7 15. Qf3 Nb6 16. Qf2 Ne8 17. f5 f6 18. Nf3 Nd6 19. Rfe1 Qd7 20. Bf4 Rae8
21. Rxe8 Rxe8 22. Bxd6 Qxd6 23. Re1 Rxe1+ 24. Qxe1 Kf7 25. Kg2 Nd7 26. c4 b6
27. Qe3 Nf8 28. h4 Qc6 29. Qe2 a5 30. Kh3 Qd6 31. Qe3 Nd7 32. g5 Nf8 33. Kg4
Qd7 34. cxd5 Qxd5 35. Qe4 c6 36. Qf4 Qd7 37. h5 b5 38. gxf6 gxf6 39. Qd2 b4 40.
h6 Qd5 41. Qc2 Nd7 42. Kf4 Ke7 43. Qb2 c5 44. Qe2+ Kd6 45. dxc5+ Nxc5 46. d4
Nd7 47. Qa6+ Ke7 48. Qe2+ Kd6 49. Qa6+ Ke7 1/2-1/2

[Event "4NCL Division Two"]
[Site "Milton Keynes, ENG"]
[Date "2023.11.12"]
[Round "2.67"]
[White "Baltrunas, Evaldas"]
[Black "Stork, Christopher"]
[Result "1-0"]
[WhiteElo "2166"]
[BlackElo "2046"]
[PlyCount "59"]
[EventDate "2023.11.12"]
[WhiteTeam "The ADs"]
[BlackTeam "Anglian Avengers"]

1. Nf3 d5 2. e3 Nf6 3. c4 e6 4. Nc3 Be7 5. b3 O-O 6. Bb2 Nbd7 7. Qc2 c6 8. Be2
Re8 9. Rg1 dxc4 10. bxc4 e5 11. g4 Nf8 12. Nxe5 Bd6 13. Nd3 Bxh2 14. Rh1 Bc7
15. g5 N6d7 16. O-O-O Nb6 17. Nc5 Nbd7 18. Nxd7 Bxd7 19. Bd3 Ng6 20. f4 Qe7 21.
Rh2 Bd6 22. Rdh1 Ba3 23. Rxh7 Qb4 24. Bxa3 Qxa3+ 25. Kb1 Qa5 26. f5 Qb4+ 27.
Ka1 Bxf5 28. Bxf5 Qxc4 29. Bxg6 fxg6 30. Qxg6 1-0

[Event "4NCL Division Two"]
[Site "Milton Keynes, ENG"]
[Date "2023.11.12"]
[Round "2.68"]
[White "Walker, Heather Enid"]
[Black "Santhosh, Abhyuday"]
[Result "0-1"]
[WhiteElo "1198"]
[BlackElo "2103"]
[PlyCount "46"]
[EventDate "2023.11.12"]
[WhiteTeam "Anglian Avengers"]
[BlackTeam "The ADs"]

1. Nf3 Nf6 2. d4 g6 3. Nc3 d5 4. Bf4 Bg7 5. h3 O-O 6. e3 c6 7. Bd3 Nbd7 8. O-O
b6 9. Qd2 Bb7 10. Rfe1 c5 11. b3 Ne4 12. Nxe4 dxe4 13. Be2 exf3 14. Bf1 fxg2
15. Bc4 Nf6 16. Qd1 Qd7 17. Kh2 Nh5 18. Be5 Qf5 19. Qe2 Bf3 20. Bd3 Bxe5+ 21.
dxe5 Qxe5+ 22. Kg1 Bxe2 23. Rxe2 Qxa1+ 0-1